<?xml version="1.0" encoding="UTF-8"?>
<record
    xmlns:xsi="http://www.w3.org/2001/XMLSchema-instance"
    xsi:schemaLocation="http://www.loc.gov/MARC21/slim http://www.loc.gov/standards/marcxml/schema/MARC21slim.xsd"
    xmlns="http://www.loc.gov/MARC21/slim">

  <leader>02353    a2200325   4500</leader>
  <controlfield tag="003">Nust</controlfield>
  <controlfield tag="005">20170207154457.0</controlfield>
  <datafield tag="020" ind1=" " ind2=" ">
    <subfield code="a">0-7803-4728-5</subfield>
  </datafield>
  <datafield tag="020" ind1=" " ind2=" ">
    <subfield code="a">0-8493-8579-2 (CRC Press)</subfield>
  </datafield>
  <datafield tag="020" ind1=" " ind2=" ">
    <subfield code="a">3-540-64834-8 (Springer (IEEE)</subfield>
  </datafield>
  <datafield tag="040" ind1=" " ind2=" ">
    <subfield code="c">Nust</subfield>
  </datafield>
  <datafield tag="082" ind1="0" ind2=" ">
    <subfield code="a">621.382 </subfield>
  </datafield>
  <datafield tag="082" ind1="0" ind2=" ">
    <subfield code="a">621.382 </subfield>
  </datafield>
  <datafield tag="082" ind1="0" ind2=" ">
    <subfield code="a">621.382</subfield>
    <subfield code="b">2</subfield>
  </datafield>
  <datafield tag="100" ind1="1" ind2=" ">
    <subfield code="a">Poularikas, Alexander D.</subfield>
  </datafield>
  <datafield tag="245" ind1="0" ind2="4">
    <subfield code="a">The handbook of formulas and tables for signal processing (E-Book)</subfield>
    <subfield code="c">Alexander D. Poularikas</subfield>
  </datafield>
  <datafield tag="260" ind1=" " ind2=" ">
    <subfield code="a">Boca Raton, Fla. :</subfield>
    <subfield code="b">CRC Press,</subfield>
    <subfield code="c">cop. 1999</subfield>
  </datafield>
  <datafield tag="300" ind1=" " ind2=" ">
    <subfield code="a">xi, ca. 800 s. med var. pag. :</subfield>
    <subfield code="b">ill.</subfield>
  </datafield>
  <datafield tag="440" ind1=" " ind2="4">
    <subfield code="a">The electrical engineering handbook series,</subfield>
  </datafield>
  <datafield tag="505" ind1=" " ind2=" ">
    <subfield code="a">1 Fourier Series 2 Laplace Transforms 3 Fourier Transform 4 Discrete-Time Fourier Transform, One- and Two-Dimensional 5 Distributions, Delta Function 6 The Z-Transform 7 Windows 8 Two-Dimensional Z-Transform 9 Analytical Methods 10 Signals and Their Characterization 11 Discrete Fourier Transform 12 Analog Filter Approximations 13 Sine and Cosine Transforms 14 The Hartley Transform 15 The Hilbert Transform 16 The Radon and Abel Transform 17 The Hankel Transform 18 The Mellin Transform &#xA9;1999 CRC Press LLC 19 Time-Frequency Transformations 20 Complex Variable Analysis 21 Legendre Polynomials 22 Hermite Polynomials 23 Laguere Polynomials 24 Chebyshev Polynomials 25 Bessell Functions 26 Zernike Polynomials 27 Special Functions 28 Asymptotic Expansions 29 Non-Recursive Filters 30 Recursive Filters 31 Recursive Filters Satisfying Prescribed Specifications 32 Statistics 33 Matrices 34 Random Variables and Stochastic Processes 35 Random Digital Signal Processing 36 Spectral Estimation of Random Discrete Signals 37 Adaptive Filters 38 Band-Limited Functions and Sampling Theorem 39 Higher-Order Statistical Analysis 40 Stochastic Simulations &#xA9;1999 CRC Press LLC 41 Nonlinear Digital Filtering 42 Wavelet Transforms 43 Trigonometric and Hyperbolic Functions 44 Algebra 45 Calculus</subfield>
  </datafield>
  <datafield tag="538" ind1=" " ind2=" ">
    <subfield code="a">E-Book</subfield>
  </datafield>
  <datafield tag="650" ind1=" " ind2="0">
    <subfield code="a">Signal processing</subfield>
  </datafield>
  <datafield tag="650" ind1=" " ind2="0">
    <subfield code="a">Signal processing</subfield>
  </datafield>
  <datafield tag="650" ind1=" " ind2="0">
    <subfield code="a">Signal processing</subfield>
    <subfield code="x">Handbooks, manuals, etc</subfield>
  </datafield>
  <datafield tag="650" ind1=" " ind2="0">
    <subfield code="a">Signalbehandling</subfield>
  </datafield>
  <datafield tag="650" ind1=" " ind2="0">
    <subfield code="a">Signalbehandling</subfield>
  </datafield>
  <datafield tag="650" ind1=" " ind2="0">
    <subfield code="a">Signalteori: teleteknik</subfield>
  </datafield>
  <datafield tag="651" ind1=" " ind2=" ">
    <subfield code="a">The handbook of formulas and tables for signal processing (E-Book)</subfield>
  </datafield>
  <datafield tag="856" ind1="4" ind2="1">
    <subfield code="u">http://www.engnetbase.com/pdf/ENGnetBASE/8579/8579%20fm.pdf</subfield>
  </datafield>
  <datafield tag="942" ind1=" " ind2=" ">
    <subfield code="2">ddc</subfield>
    <subfield code="c">BK</subfield>
  </datafield>
  <datafield tag="999" ind1=" " ind2=" ">
    <subfield code="c">197895</subfield>
    <subfield code="d">197895</subfield>
  </datafield>
  <datafield tag="952" ind1=" " ind2=" ">
    <subfield code="0">0</subfield>
    <subfield code="1">0</subfield>
    <subfield code="2">ddc</subfield>
    <subfield code="4">0</subfield>
    <subfield code="7">0</subfield>
    <subfield code="8">NFIC</subfield>
    <subfield code="a">MCS</subfield>
    <subfield code="b">MCS</subfield>
    <subfield code="d">2016-12-12</subfield>
    <subfield code="l">0</subfield>
    <subfield code="o">621.382   POU</subfield>
    <subfield code="p">MCSEB-1537</subfield>
    <subfield code="r">2016-12-08</subfield>
    <subfield code="w">2016-12-12</subfield>
    <subfield code="y">BK</subfield>
  </datafield>
</record>
